| 000 | 00502nam a2200181 i 4500 | ||
|---|---|---|---|
| 001 | 40375 | ||
| 003 | ES-MaACL | ||
| 005 | 20240502063037.0 | ||
| 007 | t| | ||
| 008 | 030306s1971 sp ||||1| spa d | ||
| 100 | 0 |
_aCarnero, Guillermo, _d1947- _935371 |
|
| 245 | 1 | 0 |
_aDibujo de la muerte / _cGuillermo Carnero. |
| 250 | _a[1ยช ed.]. | ||
| 260 |
_aBarcelona : _bLlibres de Sinera, _c[1971] |
||
| 300 |
_a63 p. ; _c18 cm. |
||
| 852 |
_aES-MaACL _jC-49160 _bR.80271 |
||
| 999 |
_c40375 _d40375 |
||